书目信息 |
| 题名: |
艺术、价值与自然
|
|
| 作者: | 亚力山大 , 张振明 著 | |
| 分册: | ||
| 出版信息: | 北京 华夏出版社 1999.09 |
|
| 页数: | 169页 | |
| 开本: | 32开 | |
| 丛书名: | ||
| 单 册: | ||
| 中图分类: | B561.51 | |
| 科图分类: | ||
| 主题词: | 哲学--欧洲 | |
| 电子资源: | ||
| ISBN: | 7-5080-1925-3 | |
| 000 | 00639nam0 2200205 45 | |
| 001 | 0010271175 | |
| 005 | 20001027113427.6 | |
| 010 | @a7-5080-1925-3@d13.00元 | |
| 100 | @a20001027d1999 km y0chiy0120 ea | |
| 101 | 0 | @achi |
| 105 | @a z 000yy | |
| 200 | 1 | @a艺术、价值与自然@AYi Shu、Jia Zhi Yu Zi Ran@f(美)亚力山大著;韩东辉,张振明译@F(Mei)Ya Li Shan Da Zhu;Han Dong Hui,Zhang Zhen Ming Yi |
| 210 | @a北京@c华夏出版社@d1999.09 | |
| 215 | @a169页@d32开 | |
| 606 | 0 | @a哲学@x欧洲 |
| 690 | @aB561.51@v3 | |
| 701 | 0 | @a亚力山大@4著 |
| 701 | 0 | @a张振明@4译 |
| 801 | @aCN@bPftUser@c20001027 | |
| 905 | @b193376-380@dB561.51@eY787@f5 | |
| 艺术、价值与自然/(美)亚力山大著;韩东辉,张振明译.-北京:华夏出版社,1999.09 |
| 169页;32开 |
| ISBN 7-5080-1925-3:13.00元 |
| ● |
| 相关链接 |
|
|
|
正题名:艺术、价值与自然
索取号:B561.51/Y787
 
预约/预借
| 序号 | 登录号 | 条形码 | 馆藏地/架位号 | 状态 | 备注 |
| 1 | 193376 | 201933765 | 社科库509/509社科库 18排3列1层/ [索取号:B561.51/Y787] | 在馆 | |
| 2 | 193377 | 201933774 | 社科库509/509社科库 18排3列1层/ [索取号:B561.51/Y787] | 在馆 | |
| 3 | 193378 | 201933783 | 社科库509/509社科库 18排3列1层/ [索取号:B561.51/Y787] | 在馆 | |
| 4 | 193379 | 201933792 | 社科库509/509社科库 18排3列1层/ [索取号:B561.51/Y787] | 在馆 | |
| 5 | 193380 | 201933809 | 社科库509/509社科库 18排3列1层/ [索取号:B561.51/Y787] | 在馆 |